| 000 | 01101nam a2200277 a 4500 | ||
|---|---|---|---|
| 001 | 000006750 | ||
| 005 | 20240302073952.0 | ||
| 008 | 090902s2003 dr 000 0 spa d | ||
| 020 | _a9993494925 | ||
| 040 |
_aDO-SdBNP _bspa _cBNPHU |
||
| 082 |
_a468.1 _bG643o |
||
| 100 | 1 |
_aGonzález Tirado, Rafael _93030 |
|
| 245 | 1 | 0 |
_aOrigen de la palabra /chopa/ en el habla de los dominicanos / _cRafael González Tirado ; presentación Bruno Rosario Candelier, José Andrés Aybar Sánchez. |
| 260 |
_aSanto Domingo : _bUNICARIBE _bAcademia Dominicana de la Lengua, _c2003. |
||
| 300 |
_a74 p. ; _c21 cm. |
||
| 490 | 1 | _aInvestigaciones Científicas | |
| 504 | _aIncluye referencias bibliográficas y notas al pie de las páginas | ||
| 504 | _aIncluye bibliografías (p. 65-73) | ||
| 650 | 4 |
_aDominicanismo _918784 |
|
| 650 | 4 |
_aLingüística _94035 |
|
| 650 | 4 |
_aEspañol en república dominicana _918785 |
|
| 700 | 1 |
_aRosario Candelier, Bruno, _d1941- _9851 |
|
| 700 | 1 |
_aAybar Sánchez, José Andrés _918786 |
|
| 710 | 1 |
_aUniversidad del Caribe _918787 |
|
| 830 | 0 |
_aInvestigaciones Científicas _918788 |
|
| 999 |
_c6538 _d6538 |
||